Sharjah Art Foundation Library

Exposure Jerusalem/ (Record no. 6656)

MARC details
000 -LEADER
fixed length control field 00514nam a2200157Ia 4500
001 - CONTROL NUMBER
control field 6656
008 - FIXED-LENGTH DATA ELEMENTS--GENERAL INFORMATION
fixed length control field 260622s9999 xx 000 0 und d
245 #0 - TITLE STATEMENT
Title Exposure Jerusalem/
Remainder of title ملامح القدس
260 ## - PUBLICATION, DISTRIBUTION, ETC.
Place of publication, distribution, etc. Jerusalem;
Name of publisher, distributor, etc. Al Ma'mal Foundation for Contemporary Art;
Date of publication, distribution, etc. 2001
300 ## - PHYSICAL DESCRIPTION
Extent 170p;
Dimensions 26x20cm
520 ## - SUMMARY, ETC.
Summary, etc. Editor: Jack Persekian. Artistic director: Khalil Rabah.
546 ## - LANGUAGE NOTE
Language note English; Arabic
650 ## - SUBJECT ADDED ENTRY--TOPICAL TERM
Topical term or geographic name entry element TR624-835 Technology- Applied Photography
651 ## - SUBJECT ADDED ENTRY--GEOGRAPHIC NAME
Geographic name Palestine
Geographic subdivision Jerusalem
942 ## - ADDED ENTRY ELEMENTS (KOHA)
Koha item type Book
Holdings
Withdrawn status Lost status Damaged status Not for loan Collection Home library Current library Date acquired Total Checkouts Full call number Barcode Date last seen Price effective from Koha item type
        Technology- Photography, Cinematography, Electronic Media SAF Reference Library SAF Reference Library 06/22/2026   TR624-835 160.297 6656 06/22/2026 06/22/2026 Book
        Technology- Photography, Cinematography, Electronic Media SAF Reference Library SAF Reference Library 06/22/2026   TR624-835 160.297   06/22/2026 06/22/2026 Book

Copyright © 2022. Sharjah Art Foundation. All Rights Reserved.